| 000 | 00958nas a2200325 4500 | ||
|---|---|---|---|
| 001 | BR0602897 | ||
| 003 | BR-BrBNA | ||
| 005 | 20231205110100.0 | ||
| 007 | ta | ||
| 008 | 230509b bl.|||p| |||| 00| 00por d | ||
| 040 |
_aBR-BrBNA _bpor _cBiblioteca Nacional de Agricultura |
||
| 041 | _a(Pt) | ||
| 072 | _aE71; E16 | ||
| 100 | 1 | _aContini, E. | |
| 100 | 1 | _aGasques, J.G. | |
| 100 | 1 | _aLeonardi, R.B. de A. | |
| 100 | 1 | _aBastos, E.T. | |
| 245 | 1 | _aProjeções do agronegócio no Brasil | |
| 650 | _aAGRONEGÓCIO | ||
| 650 | _aCONSUMO | ||
| 650 | _aOFERTA | ||
| 650 | _aDEMANDA | ||
| 650 | _aDADOS ESTATÍSTICOS | ||
| 650 | _aANÁLISE ECONÔMICA | ||
| 650 | _aEXPORTAÇÃO | ||
| 773 | 0 |
_tRevista de Política Agrícola (Brazil) _xISSN 1413-4969 _g(Jan-Mar 2006), v. 15(1) p. 57-83 _wBR0602897 |
|
| 856 | 4 |
_uRev_Pol_Agr_v15_n1-2006.pdf#page=58 _yRecurso eletrônico (PDF) |
|
| 909 |
_a202311 _bLúcia _c55 _dLúcia Elande |
||
| 942 |
_2AGRIS _n0 _cANA |
||
| 999 |
_c186133 _d186133 |
||